<?xml version='1.0' encoding='UTF-8'?><?xml-stylesheet href='static/style.xsl' type='text/xsl'?><OAI-PMH xmlns="http://www.openarchives.org/OAI/2.0/" xmlns:xsi="http://www.w3.org/2001/XMLSchema-instance" xsi:schemaLocation="http://www.openarchives.org/OAI/2.0/ http://www.openarchives.org/OAI/2.0/OAI-PMH.xsd"><responseDate>2026-04-27T05:29:57Z</responseDate><request verb="GetRecord" identifier="oai:ebiltegia.mondragon.edu:20.500.11984/3988" metadataPrefix="marc">https://ebiltegia.mondragon.edu/oai/request</request><GetRecord><record><header><identifier>oai:ebiltegia.mondragon.edu:20.500.11984/3988</identifier><datestamp>2024-01-04T21:56:52Z</datestamp><setSpec>com_20.500.11984_1736</setSpec><setSpec>com_20.500.11984_1627</setSpec><setSpec>col_20.500.11984_1972</setSpec></header><metadata><record xmlns="http://www.loc.gov/MARC21/slim" xmlns:dcterms="http://purl.org/dc/terms/" xmlns:xsi="http://www.w3.org/2001/XMLSchema-instance" xmlns:doc="http://www.lyncode.com/xoai" xsi:schemaLocation="http://www.loc.gov/MARC21/slim http://www.loc.gov/standards/marcxml/schema/MARC21slim.xsd">
   <leader>00925njm 22002777a 4500</leader>
   <datafield ind2=" " ind1=" " tag="042">
      <subfield code="a">dc</subfield>
   </datafield>
   <datafield ind2=" " ind1=" " tag="720">
      <subfield code="a">Mondragon Unibertsitatea</subfield>
      <subfield code="e">author</subfield>
   </datafield>
   <datafield ind2=" " ind1=" " tag="260">
      <subfield code="c">2014-09-08</subfield>
   </datafield>
   <datafield ind2=" " ind1=" " tag="520">
      <subfield code="a">Dagoeneko Debagoienean daude 2014-2015 ikasturtean Humanitate eta Hezkuntza Zientzien Fakultatean ikasiko duten atzerriko Erasmus ikasleak. Lehenengo lauhilebeteko txanda honetan, guztira, bederatzi ikasle etorri dira Polonia, Estonia, Turkia, Suitza eta Herbehereetatik.</subfield>
   </datafield>
   <datafield ind2=" " ind1=" " tag="520">
      <subfield code="a">Ya ha llegado a la Facultad de Humanidades y Ciencias de la Educación el primer grupo de estudiantes de Erasmus del curso 2014-2015. En este primer cuatrimestre, son nueve los estudiantes venidos de Polonia, Estonia, Turquía, Suiza y Países Bajos, que participarán en el Programa Internacional ofrecido por la Facultad de Humanidades y Ciencias de la Educación.</subfield>
   </datafield>
   <datafield ind2=" " ind1=" " tag="520">
      <subfield code="a">The first group of Erasmus students have just arrived at the Faculty of Humanities and Education for the academic year 2014-2015. In the first semester, there are nine students from Poland, Estonia, Turkey, Switzerland and the Netherlands, who will take part in the International Program organised by the Faculty of Humanities and Education.</subfield>
   </datafield>
   <datafield ind1="8" ind2=" " tag="024">
      <subfield code="a">https://hdl.handle.net/20.500.11984/3988</subfield>
   </datafield>
   <datafield tag="653" ind2=" " ind1=" ">
      <subfield code="a">Humanitate eta Hezkuntza Zientzien Fakultatea</subfield>
   </datafield>
   <datafield ind2="0" ind1="0" tag="245">
      <subfield code="a">Iritsi dira fakultatera 2014-2015 ikasturteko lehenengo Erasmus ikasleak</subfield>
   </datafield>
   <datafield ind2="0" ind1="0" tag="245">
      <subfield code="a">Llegada del primer grupo de estudiantes de Erasmus del curso 2014-2015</subfield>
   </datafield>
   <datafield ind2="0" ind1="0" tag="245">
      <subfield code="a">Arrival of first group of Erasmus students for 2014-2015</subfield>
   </datafield>
</record></metadata></record></GetRecord></OAI-PMH>